000 00311nam a22001337a 4500
008 170314b xxu||||| |||| 00| 0 eng d
020 _a9780123725820
041 _aeng
080 _a591
100 _a7
101 _aSHM
245 _aFIELD LBORATORY EXERCISWS ANIMAL BEHAVIOR
_cTILLBERG.CH.V
942 _2udc
_cBK
999 _c7786
_d7786